| 000 -LEADER |
| fixed length control field |
00566cam a22001817a 4500 |
| 040 ## - CATALOGING SOURCE |
| Transcribing agency |
DLC |
| 082 ## - DEWEY DECIMAL CLASSIFICATION NUMBER |
| Classification number |
910 OMN 2001 A105 Or. |
| 245 00 - TITLE STATEMENT |
| Title |
30 years with the Journal of nematology |
| 246 3# - VARYING FORM OF TITLE |
| Title proper/short title |
Thirty years with the Journal of nematology |
| 260 ## - PUBLICATION, DISTRIBUTION, ETC. (IMPRINT) |
| Place of publication |
[Wisconsin] : |
| Name of publisher |
Omnipress, |
| Year of publication |
c2001. |
| 300 ## - PHYSICAL DESCRIPTION |
| Number of Pages |
3 CD-ROMs ; |
| Dimensions |
4 3/4 in. |
| 500 ## - GENERAL NOTE |
| General note |
Title from disc label. |
| 500 ## - GENERAL NOTE |
| General note |
Production level cataloging. |
| 520 ## - SUMMARY, ETC. |
| Summary, etc |
Electronic version of thirty years of issues of the journal. |
| 650 #0 - SUBJECT ADDED ENTRY--TOPICAL TERM |
| Topical Term |
Nematodes |
| 710 2# - ADDED ENTRY--CORPORATE NAME |
| Corporate name or jurisdiction name as entry element |
Society of Nematologists. |
| 942 ## - ADDED ENTRY ELEMENTS (KOHA) |
| Koha item type |
សៀវភៅភាសាអង់គ្លេស |
| 952 ## - LOCATION AND ITEM INFORMATION (KOHA) |
| Withdrawn status [LOCAL, KOHA] |
0 |